00291nam a2200121Ia 4500008004100000041000900041082001800050100001700068245002700085260004100112300000800153650000800161230718s9999 xx 000 0 und d aEng. a346.05bDIX-P aDixon Mastin 0aPrincipals of Land Law aPakistanbConvendish Publisherc1999 a386 aLaw